| 000 | 00800cab a2200253 4500 | ||
|---|---|---|---|
| 001 | ABS55824 | ||
| 008 | 090401t1996 xxu||||| |||| 00| 0 eng d | ||
| 035 | _a(Sirsi) u18989 | ||
| 041 | _aeng | ||
| 100 | _aReece, C. | ||
| 245 | _aAll you wanted to know about dilapidations but were afraid to ask | ||
| 260 | _c1996 | ||
| 350 | _a0 | ||
| 490 |
_aStructural Survey _v14(3) September 1996, 4-9(6) |
||
| 520 | _aArgues that it is important for surveyors to have a good working knowledge of the law and practice of dilapidations. Illustrates points with case law. | ||
| 650 | _aDEFECTS | ||
| 650 |
_aDilapidations _96235 |
||
| 650 | _aINTERIM SCHEDULES | ||
| 650 | _aLEASES | ||
| 650 | _aREINSTATEMENT CLAUSES | ||
| 690 |
_aLANDLORD AND TENANT _96252 |
||
| 942 | _n0 | ||
| 948 | _c04/03/1997 | ||
| 999 |
_c12636 _d12636 |
||